[Event "Reykjavik op"]
[Site "Reykjavik"]
[Date "2024.03.17"]
[Round "4"]
[White "Atharva, M Parulekar"]
[Black "Omarsson, Adam"]
[Result "1-0"]
[WhiteElo "1580"]
[BlackElo "1976"]
[PlyCount "107"]
[EventDate "2024.03.15"]
[EventType "swiss"]
[EventRounds "9"]
[EventCountry "ISL"]
[SourceTitle "CBM 219 Extra"]
[Source "ChessBase"]
[SourceDate "2024.05.31"]
[SourceVersion "1"]
[SourceVersionDate "2024.05.31"]
[SourceQuality "1"]

1. e4 c5 2. Nf3 d6 3. c3 Nf6 4. h3 g6 5. Bd3 Bg7 6. Bc2 0-0 7. d4 Nc6 8. 0-0 Qc7 9. Re1 e6 10. Be3 b6 11. a3 Bb7 12. Nbd2 Na5 13. Rc1 c4 14. Bf4 Nh5 15. Bh2 e5 16. b4 cxb3 17. Bxb3 Rac8 18. Ba2 Qe7 19. Nf1 Bh6 20. Rc2 Nf4 21. c4 Ba6 22. Ne3 Bb7 23. Nd5 Bxd5 24. exd5 e4 25. Nd2 f5 26. c5 Nd3 27. Bxd6 Qg5 28. Be7 Qf4 29. d6+ Kg7 30. Re2 Nc6 31. g3 Nxf2 32. Bxf8+ Kxf8 33. Rxf2 Qxg3+ 34. Rg2 Qe3+ 35. Kh1 Bf4 36. Nf1 Qxa3 37. d7 Rd8 38. cxb6 Qa4 39. Qa1 Rxd7 40. d5 Ne5 41. bxa7 Rxa7 42. Qb1 Nf7 43. Qb6 Qa3 44. Qc5+ Bd6 45. Qc8+ Kg7 46. Qxf5 Qd3 47. Bc4 Qd4 48. Qf2 Qxf2 49. Rgxf2 Ng5 50. Rfe2 Bc5 51. h4 Nh3 52. Kh2 Ra3 53. Ng3 Bd6 54. Rg2 1-0

[Event "Reykjavik op"]
[Site "Reykjavik"]
[Date "2024.03.16"]
[Round "2"]
[White "Atharva, M Parulekar"]
[Black "Bjarnason, Kristinn"]
[Result "1-0"]
[WhiteElo "1580"]
[BlackElo "1934"]
[PlyCount "81"]
[EventDate "2024.03.15"]
[EventType "swiss"]
[EventRounds "9"]
[EventCountry "ISL"]
[SourceTitle "CBM 219 Extra"]
[Source "ChessBase"]
[SourceDate "2024.05.31"]
[SourceVersion "1"]
[SourceVersionDate "2024.05.31"]
[SourceQuality "1"]

1. e4 c6 2. d4 d5 3. exd5 cxd5 4. Bd3 Nc6 5. c3 Nf6 6. Bf4 Bg4 7. Qb3 Qd7 8. Nd2 a6 9. Ngf3 e6 10. Ne5 Nxe5 11. Bxe5 Be7 12. h3 Bh5 13. 0-0 0-0 14. Qc2 Bg6 15. Bh2 Bxd3 16. Qxd3 Bd6 17. f4 Qc7 18. Rf2 Nd7 19. Qe2 Rfe8 20. Qh5 f5 21. Re1 Nf6 22. Qe2 b5 23. g4 Ne4 24. Nxe4 dxe4 25. a3 Rab8 26. a4 Qc6 27. axb5 axb5 28. Rg2 Kh8 29. gxf5 exf5 30. Qh5 Qd7 31. Rg5 Rf8 32. Kh1 Be7 33. Rg2 b4 34. Bg1 bxc3 35. bxc3 Qc7 36. Rc2 Rf6 37. Be3 g6 38. Qe2 Rc6 39. d5 Rc4 40. Bd4+ Kg8 41. Be5 1-0

[Event "Reykjavik op"]
[Site "Reykjavik"]
[Date "2024.03.15"]
[Round "1"]
[White "Gilsson, Asmund"]
[Black "Atharva, M Parulekar"]
[Result "0-1"]
[WhiteElo "1821"]
[BlackElo "1580"]
[PlyCount "124"]
[EventDate "2024.03.15"]
[EventType "swiss"]
[EventRounds "9"]
[EventCountry "ISL"]
[SourceTitle "CBM 219 Extra"]
[Source "ChessBase"]
[SourceDate "2024.05.31"]
[SourceVersion "1"]
[SourceVersionDate "2024.05.31"]
[SourceQuality "1"]

1. d4 d5 2. c4 e6 3. Nc3 Nf6 4. cxd5 exd5 5. Bg5 Nbd7 6. Nxd5 Nxd5 7. Bd2 N7f6 8. e3 Ne4 9. a3 Be7 10. Bd3 Ndf6 11. Ne2 c6 12. 0-0 0-0 13. f3 Nxd2 14. Qxd2 c5 15. Rac1 cxd4 16. Nxd4 Bd7 17. Rfd1 Rc8 18. Qe1 Bc5 19. Nf5 Qb6 20. Kh1 g6 21. b4 Bxf5 22. Bxf5 gxf5 23. bxc5 Rxc5 24. Rb1 Qc7 25. Qh4 Ne8 26. Qd4 Rc6 27. Qxa7 Ra6 28. Qd4 Rxa3 29. Rb6 Rc3 30. Rxb7 Qc5 31. Qxc5 Rxc5 32. Kg1 Rc2 33. Rb5 Ng7 34. Rd7 Re2 35. Rb3 Ne6 36. Rd5 Rc8 37. Kf1 Ra2 38. Rbd3 Rcc2 39. Ke1 Rxg2 40. Rd2 Raxd2 41. Rxd2 Rxd2 42. Kxd2 Ng5 43. Ke2 Kg7 44. h4 Ne6 45. Kf2 Kf6 46. Kg3 h5 47. Kf2 Ke5 48. Kg3 f4+ 49. exf4+ Nxf4 50. Kf2 Ng6 51. Kg3 Kf5 52. Kf2 Kf4 53. Kg2 Nxh4+ 54. Kh3 Nxf3 55. Kg2 Ng5 56. Kh2 h4 57. Kg2 Kg4 58. Kh2 h3 59. Kg1 Kg3 60. Kh1 Ne4 61. Kg1 h2+ 62. Kh1 Nf2# 0-1